000 00610nam a2200241Ia 4500
003 OSt
005 20221005120734.0
006 a|||||r|||| 00| 0
007 ta
008 221004b |||||||| |||| 00| 0 eng d
024 _a66097
037 _cTextual
040 _aCRL
_cCRL
_beng
041 _2eng
_aeng
082 _aV7481:71, H9
100 _aBarlow R. H.
_9629589
245 0 _aExtent of the empire of the Culhua Mexica
260 _c1949
490 _aIbero-Americana, 28.
650 _aHISTORY
942 _hV7481:71, H9
_cTEXL
_2cc
999 _c1038997
_d1038997